[Event "50th-ITA-ch-Teams-2018"]
[Site "Gallipoli"]
[Date "2018.04.28"]
[Round "3"]
[White "Basso, Pier Luigi"]
[Black "Garcia Palermo, Carlos"]
[Result "1-0"]
[WhiteElo "2459"]
[BlackElo "2404"]
[Annotator "TA"]
[PlyCount "73"]
[EventDate "2018.??.??"]
[EventType "team-tourn"]
[EventCountry "ITA"]
[SourceTitle "playchess.com"]
[Source "ChessBase"]
[SourceQuality "1"]

{[%evp 30,73,8,0,56,0,20,0,77,65,85,81,80,45,50,51,66,74,72,74,92,65,252,206,185,116,373,448,427,445,444,393,445,444,447,447,412,429,733,441,1049,1063,1020,960,961,945]} 1. d4 Nf6 2. c4 e6 3. Nf3 d5 4. Nc3 c5 5. cxd5 Nxd5 6. e4 Nxc3 7. bxc3 cxd4 8. cxd4 Bb4+ 9. Bd2 Bxd2+ 10. Qxd2 O-O 11. Bc4 b6 12. O-O Bb7 13. Rfe1 Nd7 14. Rad1 Rc8 {D41: Queen's Gambit Declined: Semi-Tarrasch with 5 cxd5} 15. Bb3 Re8 16. d5 {[#] LiveBook: 3 Games} (16. h3 Nf6 17. Qf4 Nh5 18. Qe5 Nf6 19. Qf4 Nh5 20. Qh2 h6 21. d5 exd5 22. exd5 Rxe1+ 23. Nxe1 {½-½ (57) So,W (2799)-Kramnik,V (2800) Berlin 2018}) 16... e5 $146 (16... exd5 $11 17. exd5 Nc5) ({Predecessor:} 16... exd5 17. exd5 Rxe1+ 18. Rxe1 Nc5 19. d6 h6 20. Qf4 Qf6 21. Qxf6 gxf6 22. Re7 Ne4 23. h3 Nxd6 24. Rd7 Bxf3 25. Rxd6 Be2 26. Rd7 Bc4 27. Bxc4 {½-½ (27) Friedel,J (2485)-Akobian,V (2616) Wheeling 2013}) 17. d6 (17. Ba4 $14) 17... h6 18. g3 {[%cal Bg2g3,Bg3g4,Bg4f5][%mdl 32]} Rc5 (18... Qf6 $11 19. Nh4 Rcd8) 19. Nh4 $1 $16 Nf6 20. f3 Bc8 21. g4 Be6 22. Nf5 $36 {[%mdl 2048] White has some pressure.} Bxf5 23. gxf5 Qd7 24. Kh1 $1 Kh7 25. Qg2 Rcc8 $2 (25... Rg8 $14) 26. Rg1 $18 {[%csl Gg1][%cal Rg2g7]} Rg8 27. Qg3 (27. f4 $18 Rc5 28. Rc1) 27... Rce8 $2 {[%mdl 8192]} (27... Qe8 $16 28. Rc1 Rxc1 29. Rxc1 Rf8) 28. Rc1 $1 {[%cal Rc1c7] And now Rc7 would win.} g5 29. Rc7 Qxd6 30. Rxf7+ Rg7 {[#]} 31. h4 $1 {[%cal Rh4g5]} g4 {[#]} 32. Rxf6 $1 Qxf6 33. fxg4 Rd7 (33... Qd8 $142 34. g5 Rf8) 34. Ba4 Red8 ({Of course not} 34... Rd3 35. Qxd3 Qxh4+ 36. Kg2 $18) (34... Qd8 $142 35. Bxd7 Qxd7) 35. g5 hxg5 36. hxg5 Qh8 37. Qh3+ {Precision: White = 75%, Black = 24%.} 1-0

[Event "50th-ITA-ch-Teams-2018"]
[Site "Gallipoli"]
[Date "2018.04.28"]
[Round "3"]
[White "Altini, Nicola"]
[Black "De Nardi, Riccardo"]
[Result "1-0"]
[WhiteElo "2426"]
[BlackElo "2143"]
[Annotator "TA"]
[PlyCount "67"]
[EventDate "2018.??.??"]
[EventType "team-tourn"]
[EventCountry "ITA"]
[SourceTitle "playchess.com"]
[Source "ChessBase"]
[SourceQuality "1"]

{[%evp 9,67,6,18,8,16,-8,35,35,30,35,45,15,72,54,66,62,85,48,123,123,123,120,118,109,109,102,117,117,133,104,222,225,225,207,234,241,243,236,239,237,314,333,336,336,424,412,663,659,845,824,821,802,717,723,882,844,817,797,1099,1102]} 1. d4 d5 2. Bf4 Nf6 3. e3 Bf5 4. c4 {[%cal Bc2c4,Bc4c5][%mdl 32]} e6 5. Nc3 Bd6 {LiveBook: 6 Games} (5... Bb4 6. Qa4+ Nc6 7. Nf3 O-O 8. Rc1 dxc4 9. Bxc4 a6 10. Qd1 Nd5 11. Bxd5 Qxd5 12. a3 Bxc3+ 13. Rxc3 {1-0 (49) Karjakin,S (2760)-Wei,Y (2739) Medias 2017}) 6. Bg5 {D00: 1 d4 d5: Unusual lines} c6 7. Qb3 {And now Bxf6 would win.} (7. Bd3 {keeps more tension.} h6 8. Bh4 Bxd3 9. Qxd3 Nbd7 10. Nf3) 7... Qb6 (7... b6 {looks sharper.} 8. Nf3 h6 9. Bxf6 Qxf6 10. Qd1 O-O) 8. c5 {White is slightly better.} Qxb3 9. axb3 {[%cal Ba2b3,Bb3b4][%mdl 32]} Bc7 10. b4 O-O $146 (10... Ne4 $11 11. Nxe4 Bxe4) ({Predecessor:} 10... Nbd7 11. b5 O-O 12. Nge2 e5 {0-1 (56) Islam,K (2231)-Allam,M (1954) Bhubaneswar 2017}) 11. Bxf6 $16 gxf6 12. b5 $36 {[%mdl 2048] White is more active.} b6 13. b4 bxc5 (13... a5 $1 $14) 14. bxc5 {b6! is the strong threat.} cxb5 15. Bxb5 a5 16. Nge2 Na6 17. g4 Bg6 18. f4 Nb4 19. Kd2 Be4 (19... f5 $16) 20. Nxe4 $18 dxe4 21. Nc3 Rab8 22. Bc4 Rfd8 23. Nxe4 Kg7 {intending ...Bxf4.} 24. Kc3 Nd5+ 25. Bxd5 exd5 26. Ng3 Rb4 27. Rhb1 Rc4+ (27... Ra8 $142 28. Kc2 Rxb1 29. Rxb1 a4 30. Nf5+ Kf8) 28. Kd3 {White is clearly winning.} a4 29. Nh5+ Kg6 30. f5+ Kg5 {[#]} 31. h4+ $1 {[%mdl 512]} Kxg4 (31... Kxh4 32. Nxf6) 32. Nxf6+ Kxf5 {[#]} 33. Nxd5 $1 {[%mdl 512]} Rxc5 (33... Rxd5 34. Kxc4) 34. e4+ {Precision: White = 78%, Black = 34%.} 1-0

[Event "50th-ITA-ch-Teams-2018"]
[Site "Gallipoli"]
[Date "2018.04.28"]
[Round "3"]
[White "Piscopo, Pierluigi"]
[Black "Brunello, Sabino"]
[Result "0-1"]
[WhiteElo "2406"]
[BlackElo "2540"]
[Annotator "TA"]
[PlyCount "102"]
[EventDate "2018.??.??"]
[EventType "team-tourn"]
[EventCountry "ITA"]
[SourceTitle "playchess.com"]
[Source "ChessBase"]
[SourceQuality "1"]

{[%evp 19,102,16,27,15,15,18,20,20,11,10,22,14,20,0,14,-11,-10,-28,-27,-20,-11,-27,-20,-14,-9,-14,-18,-18,-16,-10,-7,-40,-21,-36,-35,-29,-23,-106,-97,-103,-109,-100,-59,-47,-51,-166,-175,-166,-153,-153,-153,-154,-148,-197,-166,-206,-206,-213,-203,-211,-206,-206,-210,-304,-300,-278,-271,-330,-340,-348,-348,-380,-371,-370,-318,-283,-274,-413,-409,-885,-872,-1659,-1662,-1521,-1436]} 1. e4 c5 2. Nf3 d6 3. Bb5+ Nd7 4. d4 cxd4 5. Qxd4 e5 6. Qd3 a6 {B51: Sicilian: Moscow Variation (3 Bb5+) without 3...Bd7} 7. Bxd7+ Bxd7 8. Nc3 Rc8 9. O-O h6 (9... Qc7 10. a4 Be7 11. Rd1 h6 12. Nd2 Nf6 13. Nf1 O-O 14. Ne3 Be6 15. a5 Rfd8 {½-½ (58) Demchenko,A (2660)-Vachier Lagrave,M (2789) Riadh 2017}) 10. Rd1 Nf6 {LiveBook: 11 Games} 11. Nd2 Bg4 {Threatens to win with ...Rxc3.} 12. f3 Be6 13. Nf1 Be7 14. Ne3 Qc7 15. a4 O-O 16. Bd2 $146 Rfd8 17. Be1 {[#]} d5 $1 {[%mdl 512]} 18. exd5 (18. Ncxd5 Bxd5) 18... Bc5 {Hoping for ...Bxd5.} 19. Bf2 Bxe3 20. Qxe3 Nxd5 21. Nxd5 Rxd5 22. Rxd5 Bxd5 23. Rd1 Bc6 24. b3 Re8 25. Qb6 Qe7 26. Be3 f5 {[%cal Bf7f5,Bf5f4][%mdl 32]} 27. Qc5 Qf7 28. Qc3 (28. Rf1 $11 {remains equal.}) 28... f4 $17 29. Bb6 e4 30. fxe4 Rxe4 31. Rd8+ Kh7 32. Rd6 {[#]} ({Better is} 32. Qd3 $1 $15) 32... Qf5 $1 $19 {[%cal Rf5g4]} 33. Bf2 Re2 $40 {[%mdl 128] Black is out for blood.} 34. Qd3 Qxd3 35. cxd3 $17 {[%mdl 4096] Endgame KRB-KRB} Rb2 36. h4 Rxb3 37. h5 Bxa4 38. Rd4 Be8 39. Rxf4 Bxh5 40. Rd4 Be8 41. Rd6 (41. Be1 $142) 41... Bc6 $19 42. d4 Rb5 43. Bg3 Rg5 44. Kf2 a5 {[%cal Ba6a5,Ba5a4,Ba4a3][%mdl 32]} 45. Bf4 Rxg2+ 46. Ke3 {and the idea d5 leaves White hopeful.} Rg6 47. Rd8 Re6+ 48. Be5 (48. Kd2 {might work better.}) 48... Re8 49. Rd6 (49. Rxe8 $142 Bxe8 50. Kf4) 49... a4 {White must now prevent ...a3.Black is clearly winning.} 50. Kf4 a3 51. d5 g5+ {Precision: White = 31%, Black = 84%.} 0-1

[Event "50th-ITA-ch-Teams-2018"]
[Site "Gallipoli"]
[Date "2018.04.28"]
[Round "3"]
[White "Colmenares, Aurelio"]
[Black "Lanzani, Mario"]
[Result "1/2-1/2"]
[WhiteElo "2385"]
[BlackElo "2281"]
[Annotator "NA"]
[PlyCount "44"]
[EventDate "2018.??.??"]
[EventType "team-tourn"]
[EventCountry "ITA"]
[SourceTitle "playchess.com"]
[Source "ChessBase"]
[SourceQuality "1"]
[TimeControl "40/5400+30:900+30"]

1. d4 {[%emt 0:00:02]} d5 {[%emt 0:00:18]} 2. Nf3 {[%emt 0:00:07]} c5 {[%emt 0:00:45]} 3. c3 {[%emt 0:02:59]} cxd4 {[%emt 0:01:17]} 4. cxd4 {[%emt 0:00:18]} Nc6 {[%emt 0:00:11]} 5. Nc3 {[%emt 0:00:34]} Nf6 {[%emt 0:00:11]} 6. Bf4 {[%emt 0:01:38]} Bf5 {[%emt 0:01:03]} 7. e3 {[%emt 0:02:16]} e6 {[%emt 0:00:25]} 8. Ne5 {[%emt 0:00:19]} Nd7 {[%emt 0:12:15]} 9. g4 {[%emt 0:06:07]} Bg6 {[%emt 0:01:01]} 10. Nxg6 {[%emt 0:02:30]} hxg6 {[%emt 0:00:17]} 11. Bd3 {[%emt 0:03:17]} a6 {[%emt 0:13:57]} 12. g5 {[%emt 0:05:47]} Nb6 {[%emt 0:06:09]} 13. Qg4 {[%emt 0:04:14]} Bd6 {[%emt 0:06:45]} 14. a3 {[%emt 0:12:15]} Bxf4 {[%emt 0:03:41]} 15. Qxf4 {[%emt 0:01:55]} Qb8 {[%emt 0:01:02]} 16. Ne2 {[%emt 0:13:29]} Qxf4 {[%emt 0:04:24]} 17. Nxf4 {[%emt 0:00:04]} Rh4 {[%emt 0:02:58]} 18. Rc1 {[%emt 0:00:47]} Kd7 {[%emt 0:03:33]} 19. Ng2 {[%emt 0:08:56]} Rh3 {[%emt 0:13:45]} 20. Nf4 {[%emt 0:06:07]} Rh4 {[%emt 0:00:15]} 21. Ng2 {[%emt 0:09:08]} Rh3 {[%emt 0:07:13]} 22. Nf4 {[%emt 0:00:20]} Rh4 {[%emt 0:00:12]} 1/2-1/2

[Event "50th-ITA-ch-Teams-2018"]
[Site "Gallipoli"]
[Date "2018.04.28"]
[Round "3"]
[White "Sarno, Spartaco"]
[Black "Amato, Andrea"]
[Result "1/2-1/2"]
[WhiteElo "2309"]
[BlackElo "2299"]
[Annotator "TA"]
[PlyCount "91"]
[EventDate "2018.??.??"]
[EventType "team-tourn"]
[EventCountry "ITA"]
[SourceTitle "playchess.com"]
[Source "ChessBase"]
[SourceQuality "1"]

{[%evp 31,91,0,0,0,0,0,0,-42,0,0,5,0,5,-29,-21,-78,-8,-8,-4,-13,0,0,0,0,0,-33,-27,-27,0,0,0,-61,-62,-62,-63,-87,-83,-138,-89,-97,-89,-84,-83,-90,-90,-121,-119,-119,-122,-128,0,0,0,0,0,0,0,0,0,0,0,0]} 1. c4 e6 2. Nf3 d5 3. g3 Nf6 4. Bg2 Be7 5. O-O O-O 6. b3 c5 7. e3 Nc6 8. Bb2 d4 9. exd4 cxd4 10. Re1 Re8 11. a3 a5 12. d3 Bf8 {A14: English Opening: 1...e6 with b3 by White} 13. Ne5 Nxe5 14. Rxe5 Nd7 15. Rb5 Nc5 16. b4 axb4 {LiveBook: 14 Games} 17. axb4 Rxa1 18. Bxa1 Na6 19. Bxb7 Bxb7 $146 ({Predecessor:} 19... Nc7 20. Bxc8 Nxb5 {0-1 (46) De Visser,L (2258)-Lubbe,N (2500) Deutschland 2016}) 20. Rxb7 Qa8 21. Rb5 ({Don't blunder} 21. Qf3 $2 Re7 $19) 21... Nxb4 22. Bxd4 Rd8 23. Be3 (23. Bb6 $11 {keeps the balance.} Rxd3 24. Qe2) 23... Rxd3 ({Better is} 23... Nxd3 $17 24. Nd2 Bb4) 24. Nd2 $11 Qd8 25. Rb7 Nc6 {[%cal Bb4c6,Bc6e5,Be5f3][%mdl 32]} 26. Qf3 Ne5 $36 {[%mdl 2048] Black has some pressure.} 27. Qe4 $1 {[%cal Re4e5]} f6 28. Nf3 Nxf3+ 29. Qxf3 Rd1+ 30. Kg2 Qd3 {[%csl Gd1][%cal Rd3f1] [#]} 31. Kh3 (31. h4 $1 $11) 31... Qf1+ $15 32. Qg2 {aiming for Qxf1.} Qxc4 {White must now prevent ...g5.} 33. Rb8 Rd5 {[%cal Rd5h5]} 34. f4 (34. Qh1 $142) 34... Qc7 35. Qb2 Rd3 36. Qb4 {[%csl Gb4][%cal Rb8f8]} Rd8 37. Rxd8 Qxd8 38. Bc5 Bxc5 39. Qxc5 $17 {[%mdl 4096] Endgame KQ-KQ} Qd5 40. Qe7 {[%cal Re7e8]} Qf5+ (40... h6 $17 41. Qe8+ Kh7) 41. g4 $11 {[%cal Re7e8] The position is equal.} Qd3+ 42. Kh4 {[%cal Re7e8] [#]} g5+ $1 {[%mdl 512]} 43. fxg5 fxg5+ 44. Qxg5+ Kf7 45. Qf4+ Ke7 46. Qc7+ {Precision: White = 43%, Black = 52%.} 1/2-1/2

[Event "50th-ITA-ch-Teams-2018"]
[Site "Gallipoli"]
[Date "2018.04.28"]
[Round "3"]
[White "Loiacono, Leonardo"]
[Black "Shytaj, Luca"]
[Result "1/2-1/2"]
[WhiteElo "2266"]
[BlackElo "2454"]
[Annotator "TA"]
[PlyCount "84"]
[EventDate "2018.??.??"]
[EventType "team-tourn"]
[EventCountry "ITA"]
[SourceTitle "playchess.com"]
[Source "ChessBase"]
[SourceQuality "1"]

{[%evp 22,84,1,4,47,52,51,40,43,39,51,33,70,79,83,83,95,83,77,0,0,0,0,0,0,0,0,0,0,0,0,0,0,0,0,0,0,0,0,0,0,0,0,0,0,0,0,0,0,0,0,0,0,0,0,0,0,0,0,0,0,0,0,0,0]} 1. d4 d5 2. c4 Nc6 3. Nc3 Nf6 4. cxd5 Nxd5 5. e4 Nxc3 6. bxc3 e5 7. d5 Nb8 8. Nf3 Bd6 {D07: Queen's Gambit: Chigorin Defence} 9. Be2 O-O 10. O-O Nd7 11. Be3 Qe7 12. Nd2 {LiveBook: 3 Games} f5 $146 ({Predecessor:} 12... Bc5 13. Bxc5 Nxc5 14. Re1 g6 15. Bf1 Bd7 16. Qe2 {1-0 (43) Sundararajan,K (2449)-Thakur,A (2344) Chennai 2011}) 13. exf5 e4 14. Nc4 Ne5 15. Nxd6 cxd6 16. c4 b6 17. a4 Bxf5 18. a5 Rab8 19. axb6 axb6 20. Rb1 (20. Bd4 $16) 20... Nf3+ $11 {The position is equal.} 21. gxf3 exf3 22. Bd3 Bh3 23. Bc2 Qh4 24. Qd4 Qh5 25. Rfd1 Rbe8 26. Kh1 $1 {[#] Threatens to win with Rg1.} Bg2+ 27. Kg1 Bh3 28. Kh1 $1 {Rg1 is the strong threat.} Bg2+ 29. Kg1 {Black must now prevent h4.} Qh3 {[#] ( -> ...Bh1!)} 30. Bd3 Re5 31. Rxb6 Rh5 {[%csl Gh5][%cal Rh3h2]} (31... Bh1 $5 32. Bf1 $8 Bg2 $11) 32. Bf4 Rh4 $1 33. Qe4 (33. Rxd6 $2 Rhxf4 34. Bxh7+ Kxh7 $19) ({Avoid the trap} 33. Rb7 $2 Rg4 $19) 33... Rhxf4 34. Qe6+ Kh8 35. Qxh3 ({Not} 35. Qxd6 $2 Qg4 $19) 35... Bxh3 36. Rxd6 Rd4 {aiming for ...Re8.} 37. Ra6 Re8 {Strongly threatening ...Rxd3!} 38. Raa1 g6 39. Bf1 Rg4+ 40. Kh1 Bxf1 41. Rxf1 {And now c5 would win.} Rxc4 42. Rfd1 Rd8 {Precision: White = 82%, Black = 84%.} 1/2-1/2

[Event "50th-ITA-ch-Teams-2018"]
[Site "Gallipoli"]
[Date "2018.04.28"]
[Round "3"]
[White "Pitzanti, Matteo"]
[Black "Botta, Massimiliano"]
[Result "0-1"]
[WhiteElo "2213"]
[BlackElo "2104"]
[Annotator "TA"]
[PlyCount "84"]
[EventDate "2018.??.??"]
[EventType "team-tourn"]
[EventCountry "ITA"]
[SourceTitle "playchess.com"]
[Source "ChessBase"]
[SourceQuality "1"]

{[%evp 13,84,29,18,31,19,29,29,0,10,-17,-6,-16,1,-6,1,15,16,0,0,0,33,9,54,56,64,27,45,25,16,-9,0,0,0,0,0,0,7,8,10,3,6,4,10,10,10,-20,-20,-27,-41,-206,-201,-329,-332,-338,-329,-543,-530,-512,-482,-570,-505,-1239,-1239,-1239,-1131,-1806,-1691,-1389,-1085,-5206,-5197,-29965,-5322]} 1. d4 d5 2. Nf3 Nf6 3. e3 Bg4 4. c4 c6 5. h3 Bh5 6. g4 Bg6 7. Nc3 e6 8. Ne5 {D11: Slav Defence: 3 Nf3 sidelines and 3...Nf6 4 e3 Bg4} Nbd7 9. Nxg6 hxg6 10. cxd5 {White has an edge.} (10. g5 Ne4 11. Nxe4 dxe4 12. h4 Bb4+ 13. Bd2 Qa5 14. a3 Bxd2+ 15. Qxd2 Qxd2+ 16. Kxd2 {½-½ (35) Ding,L (2777)-Saric,I (2669) Riadh 2017}) 10... exd5 11. Bg2 Bd6 12. g5 Ng8 13. e4 Ne7 $146 ({Predecessor:} 13... dxe4 14. Nxe4 Bb4+ 15. Bd2 Bxd2+ 16. Qxd2 {1-0 (43) Levin,F (2483)-Kuhn,T (2176) Triesen 2010}) 14. exd5 cxd5 15. O-O Nb6 16. a4 a5 (16... Kf8 {is more complex.} 17. Qd3 Rc8 18. f4 Bb4 19. Na2 Bd6) 17. Nb5 O-O 18. Nxd6 Qxd6 19. b3 Rfe8 20. Qg4 (20. Ba3 $5 {[%cal Ra3d6]} Qd8 21. Re1 $14) 20... Nf5 21. Ba3 Qe6 22. Rfc1 Rac8 23. Qf4 Rxc1+ 24. Rxc1 Rc8 25. Rxc8+ Nxc8 26. Qe5 Nce7 27. Kf1 Kh7 28. Bf3 b6 29. Bg4 {[#] Hoping for Qxe6.} Nc6 30. Bxf5 gxf5 {[%cal Bg6f5,Bf5e4][%mdl 32]} (30... Nxe5 $2 {perishes.} 31. Bxe6 Nf3 32. Bxf7 $18) 31. Qe3 $2 ({Only move:} 31. Qxe6 $1 $15 fxe6 32. f4) 31... Qe4 $19 32. Qxe4 (32. Bb2 $142) 32... fxe4 {[%mdl 4096] Endgame KB-KN} 33. Bd6 Nxd4 34. Bc7 $2 {[#]} (34. b4 {is a better defense.} axb4 35. Bxb4) 34... Nxb3 35. Bxb6 d4 36. Ke2 Kg6 37. h4 (37. Bd8 $142 Kh5 38. Kf1) 37... Kh5 38. Bd8 g6 39. Bf6 Kxh4 40. Bd8 Kg4 41. Kd1 Kf3 42. Kc2 d3+ {Precision: White = 34%, Black = 55%.} 0-1

[Event "50th-ITA-ch-Teams-2018"]
[Site "Gallipoli"]
[Date "2018.04.28"]
[Round "3"]
[White "Ramondino, Renzo"]
[Black "Sorbera, Giovanni"]
[Result "1-0"]
[WhiteElo "2169"]
[BlackElo "2215"]
[Annotator "TA"]
[PlyCount "67"]
[EventDate "2018.??.??"]
[EventType "team-tourn"]
[EventCountry "ITA"]
[SourceTitle "playchess.com"]
[Source "ChessBase"]
[SourceQuality "1"]

{[%evp 15,66,35,57,38,56,8,15,10,20,15,31,-86,-100,-124,-114,-183,-154,-150,31,7,0,7,8,-7,-12,-6,-26,-177,79,92,96,55,245,152,472,461,1605,1604,1577,1576,1529,1419,1433,1441,1379,1339,1800,1788,1809,1844,2010,1990,29999]} 1. d4 d5 2. c4 c6 3. Nf3 Nf6 4. e3 g6 5. Nc3 Bg7 6. Bd3 O-O 7. O-O dxc4 8. Bxc4 b5 9. Bd3 {D94: Grünfeld: 4 Nf3 Bg7 5 e3} a6 (9... Bb7 10. a4 b4 11. Ne4 Nxe4 12. Bxe4 a5 13. b3 Nd7 14. Bb2 Rc8 15. Qe2 Qb6 16. Nd2 Ba6 {0-1 (35) Arun Prasad,S (2521)-Barbosa,O (2566) Manila 2013}) 10. a3 c5 $146 ({Predecessor:} 10... Nd5 11. Bd2 Nxc3 12. Bxc3 c5 13. dxc5 Bxc3 14. bxc3 Qd5 15. a4 Qxc5 16. axb5 Qxc3 {1-0 (38) Paramos Dominguez,R (2420)-Tallarico Tallarico,O (2235) Mondariz 1998}) 11. dxc5 {The position is equal.} Nfd7 12. Ne4 f5 13. Qb3+ (13. Nd4 $14 {stays ahead.} Ne5 14. Ng5 Nxd3 15. Qxd3) 13... Kh8 $17 14. Neg5 {And now Ne6 would win.} Nxc5 15. Nf7+ {[#]} (15. Qc2 $17 Nxd3 16. Rd1) 15... Rxf7 $1 $19 {[%mdl 512]} 16. Qxf7 {[#] aiming for Bc2.} Nc6 $2 ({Stronger than} 16... Nxd3 17. Rd1 $16) ({Black should try} 16... Bf6 $1 $17 17. Bc4 bxc4 18. Qxc4 Ne4) 17. Bc2 {Threatening Ng5.} Be6 18. Ng5 Qd5 19. Nxe6 Nxe6 20. e4 fxe4 21. Bb1 $2 {[#]} (21. Rd1 $1 $11 {and White stays safe.} Qc4 22. Be3) 21... Qd7 $2 (21... Qd6 $1 $19 {Strongly threatening ...Ne5.} 22. Ba2 Ncd4) 22. Ba2 $36 {[%mdl 2048] White has strong initiative.} Ned4 23. Be3 {Hoping for Qd5.} Ne2+ ({Better is} 23... Rd8 $14 24. Kh1 Ne5) 24. Kh1 Bxb2 $2 (24... Rd8 $16 25. Bb6 Rf8) 25. Rad1 $18 Ned4 (25... Qe8 $142 26. Rd2 Qxf7 27. Bxf7 Bxa3) 26. Bh6 {[%csl Gf7][%cal Rh6g7]} Nf5 27. Rxd7 {Threatening mate with Bf8.} Nxh6 28. Qd5 Rc8 29. Qxe4 Nf5 30. Rd3 Ne5 31. Rd2 Nd6 32. Qd5 Nec4 {[#]} 33. Rxb2 $1 Nxb2 34. Qe5# {Precision: White = 34%, Black = 27%.} 1-0

[Event "50th-ITA-ch-Teams-2018"]
[Site "Gallipoli"]
[Date "2018.04.28"]
[Round "3"]
[White "Forato, Enrico"]
[Black "Ladron De Guevara Pinto, Paolo"]
[Result "0-1"]
[WhiteElo "2145"]
[BlackElo "2422"]
[Annotator "TA"]
[PlyCount "62"]
[EventDate "2018.??.??"]
[EventType "team-tourn"]
[EventCountry "ITA"]
[SourceTitle "playchess.com"]
[Source "ChessBase"]
[SourceQuality "1"]

{[%evp 16,62,20,10,28,14,64,50,82,67,60,63,95,92,90,73,84,63,133,2,-1,-26,-36,-78,-43,-22,-29,-265,-261,-302,-294,-350,-294,-460,-455,-504,-439,-742,-690,-766,-634,-887,-887,-870,-797,-935,-917,-1069,-859]} 1. g3 d5 2. c4 e6 3. Bg2 Nf6 4. Nf3 Be7 5. d4 O-O 6. O-O c6 7. Nc3 b6 8. b3 Bb7 9. Qc2 a5 {E06: Closed Catalan: Early deviations} (9... Na6 10. Rd1 Rc8 11. Bb2 Nb4 12. Qb1 Qc7 13. a3 Na6 14. e4 Rfd8 15. e5 Nd7 16. cxd5 cxd5 17. Bf1 Nf8 18. Bd3 Qd7 {½-½ (42) Ghosh,D (2556)-Vaibhav,S (2542) chess.com INT 2018}) 10. e4 Na6 11. Rd1 Rc8 {White is slightly better.} 12. Bb2 Qc7 13. Qe2 $146 ({Predecessor:} 13. e5 Nd7 14. Qe2 Qb8 15. h4 Nc7 16. Rac1 Qa8 17. cxd5 cxd5 {1-0 (70) Soysal,S (2381)-Marjanovic,D (2387) Banja Vrujci 2017}) 13... Qb8 14. Rac1 Rfe8 15. Ne5 Bf8 16. Ng4 Nxe4 (16... Nxg4 $14 17. Qxg4 Rcd8) 17. Nxe4 (17. Bxe4 $16 dxe4 18. Nxe4) 17... dxe4 $11 18. d5 f5 $1 {[%cal Rf5g4]} 19. d6 Rcd8 20. d7 Re7 21. Bxe4 $2 {[#]} (21. Ne5 $1 $11) 21... fxe4 $19 22. Qxe4 Nc5 ({Weaker is} 22... Rdxd7 23. Rxd7 Rxd7 24. Qxe6+ Rf7 25. Ne5 $15) 23. Qf3 Rdxd7 24. Be5 (24. Ne5 $142) 24... Qe8 {Black is clearly winning.} 25. Rxd7 Nxd7 26. c5 (26. Ba1 $142) 26... Rf7 27. Qe3 Bxc5 28. Qg5 Nxe5 29. Qxe5 Qd8 30. Qxe6 Bc8 31. Qc4 Bxg4 {Precision: White = 29%, Black = 37%.} 0-1

[Event "50th-ITA-ch-Teams-2018"]
[Site "Gallipoli"]
[Date "2018.04.28"]
[Round "3"]
[White "Distaso, Antonio"]
[Black "Di Benedetto, Edoardo"]
[Result "1/2-1/2"]
[WhiteElo "2134"]
[BlackElo "2280"]
[Annotator "NA"]
[PlyCount "67"]
[EventDate "2018.??.??"]
[EventType "team-tourn"]
[EventCountry "ITA"]
[SourceTitle "playchess.com"]
[Source "ChessBase"]
[SourceQuality "1"]
[TimeControl "40/5400+30:900+30"]

1. c4 {[%emt 0:00:08]} e6 {[%emt 0:00:05]} 2. Nf3 {[%emt 0:00:09]} d5 {[%emt 0:00:05]} 3. b3 {[%emt 0:00:11]} Nf6 {[%emt 0:00:12]} 4. Bb2 {[%emt 0:00:08]} Be7 {[%emt 0:00:20]} 5. g3 {[%emt 0:00:12]} O-O {[%emt 0:00:25]} 6. Bg2 {[%emt 0:00:15]} c5 {[%emt 0:01:48]} 7. O-O {[%emt 0:01:06]} Nc6 {[%emt 0:00:26]} 8. cxd5 {[%emt 0:02:40]} Nxd5 {[%emt 0:00:54]} 9. Nc3 {[%emt 0:03:55]} Bf6 {[%emt 0:02:37]} 10. Qc1 {[%emt 0:06:27]} Nxc3 {[%emt 0:10:46]} 11. dxc3 {[%emt 0:02:09]} Qc7 {[%emt 0:00:26] A14: English Opening: 1...e6 with b3 by White} 12. Rd1 {[%emt 0:09:01]} (12. Nd2 Bd7 13. Ne4 Be7 14. Qe3 c4 15. Nc5 Rfd8 16. Nxd7 Qxd7 17. Rab1 Rac8 18. Qe4 cxb3 19. axb3 {½-½ (27) Dizdarevic,E (2539)-Kuljasevic,D (2554) Durres 2014}) 12... b6 {[%emt 0:00:46]} 13. c4 {[%emt 0:12:59]} Bxb2 {[%emt 0:00:41]} 14. Qxb2 {[%emt 0:00:05]} Bb7 {[%emt 0:00:26]} 15. Rd2 {[%emt 0:26:57]} Rad8 {[%emt 0:00:56]} 16. Rad1 {[%emt 0:00:57]} Rxd2 {[%emt 0:00:53]} 17. Rxd2 {[%emt 0:00:05]} Rd8 {[%emt 0:01:25]} 18. Rxd8+ {[%emt 0:04:37]} Qxd8 {[%emt 0:03:25]} 19. Qd2 {[%emt 0:00:43]} h6 $146 {[%emt 0:03:32]} ({Predecessor:} 19... Qxd2 20. Nxd2 {½-½ (33) Pikler,R-Havasi,K Budapest 1931}) 20. Qxd8+ {[%emt 0:03:40]} Nxd8 {[%emt 0:00:04]} 21. Ne5 {[%emt 0:02:58]} Bxg2 {[%emt 0:00:41]} 22. Kxg2 {[%emt 0:00:04]} f6 {[%emt 0:00:06]} 23. Nd3 {[%emt 0:00:17]} Nc6 {[%emt 0:00:05]} 24. e3 {[%emt 0:00:49]} Kf7 {[%emt 0:00:17]} 25. Kf3 {[%emt 0:00:38]} g6 {[%emt 0:00:23]} 26. Ke2 {[%emt 0:00:18]} e5 {[%emt 0:00:07]} 27. f3 {[%emt 0:10:29]} h5 {[%emt 0:05:06]} 28. Kd2 {[%emt 0:01:26]} f5 {[%emt 0:00:28]} 29. Nf2 {[%emt 0:00:16]} Kf6 {[%emt 0:01:18]} 30. Nd1 {[%emt 0:01:30]} e4 {[%emt 0:06:56]} 31. f4 {[%emt 0:02:06]} Nb4 {[%emt 0:05:52]} 32. Nc3 {[%emt 0:00:25]} Ke6 {[%emt 0:08:16]} 33. a3 {[%emt 0:01:35]} Nc6 {[%emt 0:02:13]} 34. Nd5 $11 {[%emt 0:00:43]} 1/2-1/2